Education of the young in the republic of Plato / (Record no. 52852)

MARC details
000 -LEADER
fixed length control field 00523nam a2200193Ia 4500
005 - DATE AND TIME OF LATEST TRANSACTION
control field 20260429112210.0
008 - FIXED-LENGTH DATA ELEMENTS--GENERAL INFORMATION
fixed length control field 260429s9999||||xx |||||||||||||| ||und||
020 ## - INTERNATIONAL STANDARD BOOK NUMBER
International Standard Book Number 9789355281951
041 ## - LANGUAGE CODE
Language English
082 ## - DEWEY DECIMAL CLASSIFICATION NUMBER
Classification number 370.1
Item number BOS
100 ## - MAIN ENTRY--PERSONAL NAME
Personal name Bosanquet, Bernard
245 #0 - TITLE STATEMENT
Title Education of the young in the republic of Plato /
Statement of responsibility, etc Bernard Bosanquet
250 ## - EDITION STATEMENT
Edition statement 1st ed.
260 ## - PUBLICATION, DISTRIBUTION, ETC. (IMPRINT)
Place of publication, distribution, etc Chennai :
Name of publisher, distributor, etc Maxwell Press,
Date of publication, distribution, etc 2023.
300 ## - PHYSICAL DESCRIPTION
Extent 198 p.; pbk
650 ## - SUBJECT ADDED ENTRY--TOPICAL TERM
Topical term or geographic name as entry element Philosophy of education
650 ## - SUBJECT ADDED ENTRY--TOPICAL TERM
Topical term or geographic name as entry element Plato
942 ## - ADDED ENTRY ELEMENTS (KOHA)
Koha item type Text Books
Holdings
Withdrawn status Lost status Damaged status Not for loan Collection code Home library Location Shelving location Date of Cataloging Source of acquisition Total Checkouts Full call number Barcode Date last seen Price effective from Koha item type
        Non-fiction CUTN Central Library CUTN Central Library Social Sciences 29/04/2026 Tamilnadu Book House, Chennai - Invoice No. IN/73 on 17-02-2026   370.1 BOS 57980 29/04/2026 29/04/2026 Text Books